000 00657cam a2200241 i 4500
001 18308
003 BD-RjUL
005 20211209000252.0
008 140220s1977 enk 000 1 eng
020 _a070890310X
035 _a(BD-RjUL)18366
040 _aDLC
_cDLC
_dBD-RjUL
_beng
041 _aeng
082 0 0 _a823.914
_bMAG 1977
100 1 _aMacLean, Alistair,
_d1922-1987.
_956358
245 1 0 _aGoodbye California /
_cAlistair MacLean.
260 _aLeicester :
_bUlverscroft,
_cc1977.
300 _a577 p. ;
_c22 cm.
650 0 _aTerrorism
_vFiction.
_956359
942 _2ddc
_cBK
999 _c18308
_d18308